Responses for Show #8598 - Wednesday, March 16, 2022

Contestants

[<< previous game]

Evan Freeman, a veterinarian from Georgetown, Ontario, Canada

Katie Hargrove, a personal assistant and writer from Redondo Beach, California

Amy Bekkerman, an academic copy editor from Durham, New Hampshire (whose 2-day cash winnings total $54,100)

[next game >>]

Jeopardy! Round responses

CALL ME SOMETIME
NYC NEIGHBORHOODS
SUCCESSION
(Ken: You'll have to name the person who follows the one we name.)
BOWL-O-RAMA
NUMERICAL PHRASES
CAN I MAKE YOU A DRINK?
(Ken: I don't drink alcohol, as you may know.)
    $200 11
Moby-Dick

Amy
    $200 8
Hell's Kitchen

Amy
    $200 18
De Gaulle

Evan
    $200 26
(Katie: Who is Manning?)
(Ken: More specifically?)

Peyton Manning

Katie
    $200 21
second person

Evan
    $200 3
a martini

Katie
    $400 14
(Ken: The late, great [*].)

Sidney Poitier

Evan
    $400 9
(Evan: What is Carlton?)

Astoria

KatieEvan
    $400 19
Victoria

Amy
    $400 27
sourdough

Katie
    $400 22
saves nine

Amy
    $400 4
milk (heavy cream or half & half)

Amy
    $600 15
(Ken: Jeopardy!'s own, [*], is correct.)
[Light laughter]

Mayim Bialik

Katie
    $600 10
the Upper East Side

Evan
    $1,000 1
(Amy: [Sighs] Who is... Nixon?)

Spiro Agnew

Amy
    $600 28
the Yale Bowl

Triple Stumper
    $600 23
zero tolerance

Katie
    $600 5
a Long Island Iced Tea

Amy
    $800 16
(Ken: Yes, your countrywoman.)

Carly Rae Jepsen

Evan
    $800 12
Riverdale

Katie
    $800 2
(Amy: Who is Mugabe?)

Idi Amin

AmyEvan
    $800 29
a Bowl of Cherries

Katie
    $800 24
the fourth dimension

Katie
    $800 6
cranberry

Amy
    $1000 17
(Timothée) Chalamet

Evan
    $1000 13
Odessa

Amy
    $1000 20
Hirohito

Katie
    $1000 30
meerschaum

Amy
    $1000 25
a baker's dozen

Amy
    $1000 7
grenadine

Evan

Scores at the first commercial break (after clue 15):

Amy Katie Evan
$1,400 $2,000 $2,400

Scores at the end of the Jeopardy! Round:

Amy Katie Evan
$4,200 $5,800 $4,600

Double Jeopardy! Round responses

NATIONAL FLAGS
PLAYS
CELEBRITY "M.D."s
SCIENCE & MEDICINE
AVIATION
ONLINE & TEXTING ABBREV.
    $400 21
Germany

Evan
    $400 5
Harlem

Katie
    $400 6
Matt Damon

Amy
    $400 16
blood

Evan
    $400 28
(Katie: Who is Wilbur?)
(Ken: More specifically?)

Wilbur Wright

Katie
    $400 11
hit me up

Katie
    $800 22
(Amy: What is pepper?)

nutmeg

Amy
Triple Stumper
    $800 4
Ma Rainey

Amy
    $800 7
Michael Douglas

Katie
    $5,400 17
(Evan: What is viscosity?)

drag

Evan
    $800 29
exceed the speed of sound

Evan
    $800 12
direct messages

Amy
    $1200 23
(Evan: What is New Macedonia?)
(Ken: Sorry?)
(Evan: What is Northern Macedonia?)

North Macedonia

Evan
Triple Stumper
    $2,000 1
(Ken: Oscar Madison in [*]... Turning over a new leaf there.)

The Odd Couple

Amy
    $1200 8
Matt Dillon

Triple Stumper
    $1200 18
(Amy: What are the ulnus and radia?)
(Ken: No.)
(Amy: Radius and)
...
(Ken: Yeah, Amy switched the suffixes.)

the radius & the ulna

AmyEvan
    $1200 26
the Tuskegee Airmen

Amy
    $1200 13
(Evan: What is profile?)

pairing

AmyEvan
    $1600 24
AK-47

Amy
    $1600 2
Both Your Houses

Katie
    $1600 9
Minnie Driver

Katie
    $1600 19
(Amy: What is amoeba?)

paramecium

AmyEvan
    $1600 27
Cessna

Katie
    $1600 14
does anybody else?

Evan
    $2000 25
(Ken: With less than a minute to go.)

Jamaica

Amy
    $2000 3
(Ken: [*] and Her Children.)

Mother Courage

Triple Stumper
    $2000 10
(Amy: Who is Marlene Dietrich?)

Marion Davies

AmyKatie
    $2000 15
Nereid

Triple Stumper
    $2000 30
Wiley Post

Triple Stumper
    $2000 20
(Ken: Years old, yeah.)

explain it to me like I'm 5

Evan

Scores at the end of the Double Jeopardy! Round:

Amy Katie Evan
$8,600 $14,600 $4,800

[wagering suggestions for these scores]

Final Jeopardy! Round responses

MOVIE STARS
[Ken let Evan and Katie read their responses to get their best Matthew McConaughey impressions.]
EvanWhat is All Right, All Right All right? ☺
$3,801
AmyWhat is unintelligible?
$6,001
KatieWhat are Alright, Alright, Alright?
$2,601
"Alright, alright, alright"

Final scores:

Amy Katie Evan
$2,599 $17,201 $8,601
3rd place: $1,000 New champion: $17,201 2nd place: $2,000

Game dynamics:

Coryat scores:

Amy Katie Evan
$8,800 $14,600 $10,200
18 R
(including 1 DD),
6 W
(including 1 DD)
18 R,
0 W
15 R,
4 W
(including 1 DD)

Combined Coryat: $33,600

[game clues] [game scores] [suggest correction]

Game tape date: 2022-01-18
The J! Archive is created by fans, for fans. Scraping, republication, monetization, and malicious use prohibited; this site may use cookies and collect identifying information. See terms. The Jeopardy! game show and all elements thereof, including but not limited to copyright and trademark thereto, are the property of Jeopardy Productions, Inc. and are protected under law. This website is not affiliated with, sponsored by, or operated by Jeopardy Productions, Inc. Join the discussion at JBoard.tv.